Mariyammachedathiyude manikkampennu: (Record no. 181855)

000 -LEADER
fixed length control field 00522nam a22001817a 4500
020 ## - INTERNATIONAL STANDARD BOOK NUMBER
ISBN 978-81-19443-21-5
082 ## - DEWEY DECIMAL CLASSIFICATION NUMBER
Classification number 398.357
Item number SEB/M
100 ## - MAIN ENTRY--AUTHOR NAME
Personal name Sebastian Vattamattam
245 ## - TITLE STATEMENT
Title Mariyammachedathiyude manikkampennu:
Sub Title nadanpattukalum leghanangalum/
Statement of responsibility, etc by Sebastian Vattamattam.
250 ## - EDITION STATEMENT
Edition statement 2nd ed.
260 ## - PUBLICATION, DISTRIBUTION, ETC. (IMPRINT)
Place of publication Kozhikode:
Name of publisher Pavanatma Publishers Pvt. Ltd.,
Year of publication 2023.
300 ## - PHYSICAL DESCRIPTION
Number of Pages 288p.
650 ## - SUBJECT ADDED ENTRY--TOPICAL TERM
Topical Term Folk Songs
650 ## - SUBJECT ADDED ENTRY--TOPICAL TERM
Topical Term Folklore
650 ## - SUBJECT ADDED ENTRY--TOPICAL TERM
Topical Term Folk Literature
650 ## - SUBJECT ADDED ENTRY--TOPICAL TERM
Topical Term Social Sciences
942 ## - ADDED ENTRY ELEMENTS (KOHA)
Koha item type Book
Holdings
Withdrawn status Lost status Damaged status Not for loan Permanent Location Current Location Shelving location Date acquired Cost, normal purchase price Full call number Accession Number Price effective from Koha item type
        Sree Sankaracharya University of Sanskrit Sree Sankaracharya University of Sanskrit Stacks 29.05.2026 580.00 M 398.357 SEB/M 108963 29.05.2026 Book